<?xml version="1.0" encoding="UTF-8"?>
<marc:record xmlns:marc="http://www.loc.gov/MARC21/slim" type="Bibliographic">
   <marc:leader>00000ncm a2200000 cb4500</marc:leader>
   <marc:controlfield tag="001">1107804531</marc:controlfield>
   <marc:controlfield tag="003">DE-101</marc:controlfield>
   <marc:controlfield tag="005">20180404100340.0</marc:controlfield>
   <marc:controlfield tag="007">q|</marc:controlfield>
   <marc:controlfield tag="008">160722s2016    gw |||||r|||||||||||zxx  </marc:controlfield>
   <marc:datafield ind1=" " ind2=" " tag="015">
      <marc:subfield code="a">16,M09</marc:subfield>
      <marc:subfield code="2">dnb</marc:subfield>
   </marc:datafield>
   <marc:datafield ind1="7" ind2=" " tag="016">
      <marc:subfield code="2">DE-101</marc:subfield>
      <marc:subfield code="a">1107804531</marc:subfield>
   </marc:datafield>
   <marc:datafield ind1=" " ind2=" " tag="020">
      <marc:subfield code="a">9783795794866</marc:subfield>
      <marc:subfield code="9">978-3-7957-9486-6</marc:subfield>
   </marc:datafield>
   <marc:datafield ind1=" " ind2=" " tag="020">
      <marc:subfield code="a">3795794862</marc:subfield>
      <marc:subfield code="9">3-7957-9486-2</marc:subfield>
   </marc:datafield>
   <marc:datafield ind1="2" ind2=" " tag="024">
      <marc:subfield code="a">9790001155984</marc:subfield>
      <marc:subfield code="9">979-0-001-15598-4</marc:subfield>
   </marc:datafield>
   <marc:datafield ind1="3" ind2=" " tag="024">
      <marc:subfield code="a">9783795794866</marc:subfield>
   </marc:datafield>
   <marc:datafield ind1="3" ind2="2" tag="028">
      <marc:subfield code="a">RSA 1019</marc:subfield>
   </marc:datafield>
   <marc:datafield ind1="3" ind2="2" tag="028">
      <marc:subfield code="a">RSA 1019</marc:subfield>
   </marc:datafield>
   <marc:datafield ind1=" " ind2=" " tag="035">
      <marc:subfield code="a">(DE-599)DNB1107804531</marc:subfield>
   </marc:datafield>
   <marc:datafield ind1=" " ind2=" " tag="035">
      <marc:subfield code="a">(OCoLC)953051253</marc:subfield>
   </marc:datafield>
   <marc:datafield ind1=" " ind2=" " tag="040">
      <marc:subfield code="a">1330</marc:subfield>
      <marc:subfield code="b">ger</marc:subfield>
      <marc:subfield code="c">DE-101</marc:subfield>
      <marc:subfield code="d">1330</marc:subfield>
      <marc:subfield code="e">rda</marc:subfield>
   </marc:datafield>
   <marc:datafield ind1=" " ind2=" " tag="041">
      <marc:subfield code="a">zxx</marc:subfield>
   </marc:datafield>
   <marc:datafield ind1=" " ind2=" " tag="044">
      <marc:subfield code="c">XA-DE</marc:subfield>
   </marc:datafield>
   <marc:datafield ind1="7" ind2="4" tag="082">
      <marc:subfield code="a">780.9</marc:subfield>
      <marc:subfield code="a">786.2</marc:subfield>
      <marc:subfield code="q">DE-101</marc:subfield>
      <marc:subfield code="2">23sdnb</marc:subfield>
   </marc:datafield>
   <marc:datafield ind1=" " ind2=" " tag="090">
      <marc:subfield code="a">b</marc:subfield>
   </marc:datafield>
   <marc:datafield ind1="1" ind2=" " tag="100">
      <marc:subfield code="0">(DE-588)118611666</marc:subfield>
      <marc:subfield code="0">http://d-nb.info/gnd/118611666</marc:subfield>
      <marc:subfield code="0">(DE-101)118611666</marc:subfield>
      <marc:subfield code="a">Schumann, Robert</marc:subfield>
      <marc:subfield code="d">1810-1856</marc:subfield>
      <marc:subfield code="e">Komponist</marc:subfield>
      <marc:subfield code="4">cmp</marc:subfield>
   </marc:datafield>
   <marc:datafield ind1="0" ind2="0" tag="245">
      <marc:subfield code="a">Kinderszenen</marc:subfield>
      <marc:subfield code="b">op. 15</marc:subfield>
   </marc:datafield>
   <marc:datafield ind1=" " ind2=" " tag="249">
      <marc:subfield code="a">Kreisleriana : op. 16</marc:subfield>
      <marc:subfield code="a">Fantasie op. 17</marc:subfield>
      <marc:subfield code="a">Arabeske op. 18 und Blumenstück op. 19</marc:subfield>
      <marc:subfield code="a">Humoreske op. 20</marc:subfield>
      <marc:subfield code="a">Novelletten op. 21</marc:subfield>
      <marc:subfield code="b"> / Robert Schumann</marc:subfield>
   </marc:datafield>
   <marc:datafield ind1=" " ind2="4" tag="264">
      <marc:subfield code="c">© 2016</marc:subfield>
   </marc:datafield>
   <marc:datafield ind1=" " ind2="1" tag="264">
      <marc:subfield code="a">Mainz</marc:subfield>
      <marc:subfield code="a">Berlin</marc:subfield>
      <marc:subfield code="b">Schott</marc:subfield>
      <marc:subfield code="c">[2016]</marc:subfield>
   </marc:datafield>
   <marc:datafield ind1=" " ind2=" " tag="300">
      <marc:subfield code="a">1 Partitur (XXII, 528 Seiten)</marc:subfield>
      <marc:subfield code="e">Faksimile-Beiheft</marc:subfield>
   </marc:datafield>
   <marc:datafield ind1=" " ind2=" " tag="336">
      <marc:subfield code="a">Noten</marc:subfield>
      <marc:subfield code="b">ntm</marc:subfield>
      <marc:subfield code="2">rdacontent</marc:subfield>
   </marc:datafield>
   <marc:datafield ind1=" " ind2=" " tag="337">
      <marc:subfield code="a">ohne Hilfsmittel zu benutzen</marc:subfield>
      <marc:subfield code="b">n</marc:subfield>
      <marc:subfield code="2">rdamedia</marc:subfield>
   </marc:datafield>
   <marc:datafield ind1=" " ind2=" " tag="338">
      <marc:subfield code="a">Band</marc:subfield>
      <marc:subfield code="b">nc</marc:subfield>
      <marc:subfield code="2">rdacarrier</marc:subfield>
   </marc:datafield>
   <marc:datafield ind1=" " ind2=" " tag="348">
      <marc:subfield code="0">(DE-588)4173447-6</marc:subfield>
      <marc:subfield code="0">http://d-nb.info/gnd/4173447-6</marc:subfield>
      <marc:subfield code="0">(DE-101)041734475</marc:subfield>
      <marc:subfield code="a">Partitur</marc:subfield>
      <marc:subfield code="2">gnd-music</marc:subfield>
   </marc:datafield>
   <marc:datafield ind1="1" ind2=" " tag="490">
      <marc:subfield code="a">Neue Ausgabe sämtlicher Werke / Robert Schumann</marc:subfield>
      <marc:subfield code="v">Serie 3 : Klavier- und Orgelwerke ; Werkgruppe 1 : Werke für Klavier zu zwei Händen ; Band 4</marc:subfield>
   </marc:datafield>
   <marc:datafield ind1="1" ind2="2" tag="700">
      <marc:subfield code="0">(DE-588)300145306</marc:subfield>
      <marc:subfield code="0">http://d-nb.info/gnd/300145306</marc:subfield>
      <marc:subfield code="0">(DE-101)300145306</marc:subfield>
      <marc:subfield code="a">Schumann, Robert</marc:subfield>
      <marc:subfield code="d">1810-1856</marc:subfield>
      <marc:subfield code="t">Kinderszenen</marc:subfield>
   </marc:datafield>
   <marc:datafield ind1="1" ind2="2" tag="700">
      <marc:subfield code="0">(DE-588)300145470</marc:subfield>
      <marc:subfield code="0">http://d-nb.info/gnd/300145470</marc:subfield>
      <marc:subfield code="0">(DE-101)300145470</marc:subfield>
      <marc:subfield code="a">Schumann, Robert</marc:subfield>
      <marc:subfield code="d">1810-1856</marc:subfield>
      <marc:subfield code="t">Kreisleriana</marc:subfield>
   </marc:datafield>
   <marc:datafield ind1="1" ind2="2" tag="700">
      <marc:subfield code="0">(DE-588)300144709</marc:subfield>
      <marc:subfield code="0">http://d-nb.info/gnd/300144709</marc:subfield>
      <marc:subfield code="0">(DE-101)300144709</marc:subfield>
      <marc:subfield code="a">Schumann, Robert</marc:subfield>
      <marc:subfield code="d">1810-1856</marc:subfield>
      <marc:subfield code="t">Fantasien</marc:subfield>
      <marc:subfield code="m">Klavier</marc:subfield>
      <marc:subfield code="n">op. 17</marc:subfield>
      <marc:subfield code="r">C-Dur</marc:subfield>
   </marc:datafield>
   <marc:datafield ind1="1" ind2="2" tag="700">
      <marc:subfield code="0">(DE-588)300560850</marc:subfield>
      <marc:subfield code="0">http://d-nb.info/gnd/300560850</marc:subfield>
      <marc:subfield code="0">(DE-101)300560850</marc:subfield>
      <marc:subfield code="a">Schumann, Robert</marc:subfield>
      <marc:subfield code="d">1810-1856</marc:subfield>
      <marc:subfield code="t">Musik für Klavier</marc:subfield>
      <marc:subfield code="k">Auswahl</marc:subfield>
   </marc:datafield>
   <marc:datafield ind1="1" ind2="2" tag="700">
      <marc:subfield code="0">(DE-588)300145276</marc:subfield>
      <marc:subfield code="0">http://d-nb.info/gnd/300145276</marc:subfield>
      <marc:subfield code="0">(DE-101)300145276</marc:subfield>
      <marc:subfield code="a">Schumann, Robert</marc:subfield>
      <marc:subfield code="d">1810-1856</marc:subfield>
      <marc:subfield code="t">Humoresken</marc:subfield>
      <marc:subfield code="m">Klavier</marc:subfield>
      <marc:subfield code="n">op. 20</marc:subfield>
      <marc:subfield code="r">B-Dur</marc:subfield>
   </marc:datafield>
   <marc:datafield ind1="1" ind2="2" tag="700">
      <marc:subfield code="0">(DE-588)300145918</marc:subfield>
      <marc:subfield code="0">http://d-nb.info/gnd/300145918</marc:subfield>
      <marc:subfield code="0">(DE-101)300145918</marc:subfield>
      <marc:subfield code="a">Schumann, Robert</marc:subfield>
      <marc:subfield code="d">1810-1856</marc:subfield>
      <marc:subfield code="t">Novelletten</marc:subfield>
      <marc:subfield code="m">Klavier</marc:subfield>
      <marc:subfield code="n">op. 21</marc:subfield>
   </marc:datafield>
   <marc:datafield ind1="1" ind2=" " tag="800">
      <marc:subfield code="a">Schumann, Robert</marc:subfield>
      <marc:subfield code="d">1810-1856</marc:subfield>
      <marc:subfield code="4">aut</marc:subfield>
      <marc:subfield code="t">Neue Ausgabe sämtlicher Werke</marc:subfield>
      <marc:subfield code="v">Serie 3 : Klavier- und Orgelwerke ; Werkgruppe 1 : Werke für Klavier zu zwei Händen ; Band 4</marc:subfield>
      <marc:subfield code="w">(DE-101)358403960</marc:subfield>
      <marc:subfield code="9">003,001,004</marc:subfield>
      <marc:subfield code="7">cm</marc:subfield>
   </marc:datafield>
   <marc:datafield ind1=" " ind2=" " tag="850">
      <marc:subfield code="a">DE-101b</marc:subfield>
      <marc:subfield code="a">DE-101c</marc:subfield>
   </marc:datafield>
   <marc:datafield ind1="r" ind2=" " tag="925">
      <marc:subfield code="a">rm</marc:subfield>
   </marc:datafield>
</marc:record>
